On indian mahayana buddhism
محفوظ في:
| المؤلف الرئيسي: | |
|---|---|
| التنسيق: | كتاب |
| اللغة: | الإنجليزية |
| منشور في: |
Nueva York
Harper & Row
1968
|
| سلاسل: | Harper Torchbooks
|
| الموضوعات: | |
| الوسوم: |
إضافة وسم
لا توجد وسوم, كن أول من يضع وسما على هذه التسجيلة!
|
MARC
| LEADER | 00000nam a2200000 a 4500 | ||
|---|---|---|---|
| 001 | UCZ5358 | ||
| 003 | CL-VaPUC | ||
| 008 | 951117e19680000US |||||||||||||||||eng|d | ||
| 082 | 0 | 4 | |a 294.3 |b SUZ |2 21 |
| 100 | 0 | |a Suzuki, Daisetz Teitaro |e author |9 349301 | |
| 245 | 1 | 0 | |a On indian mahayana buddhism |
| 300 | |a 284 p | ||
| 942 | |c BK | ||
| 945 | |d 19951117 00:00:00 |a lriquelm | ||
| 260 | |a Nueva York |b Harper & Row |c 1968 | ||
| 650 | 7 | |a BUDISMO |2 CL-VaPUC |9 349302 | |
| 650 | 7 | |a RELIGIONES MODERNAS |2 CL-VaPUC |9 337686 | |
| 650 | 7 | |a CULTURAS CENTROASIATICAS |2 CL-VaPUC |9 349303 | |
| 650 | 0 | |a Filosofía |9 223554 | |
| 583 | |a last modification |c 19951117 00:00:00 |k Rodrigo Vera | ||
| 490 | 0 | |a Harper Torchbooks | |
| 999 | |c 241676 |d 241674 | ||
| 952 | |0 0 |1 0 |4 0 |6 294_300000000000000_SUZ_1968 |7 0 |8 P |9 254069 |a BIBEDU |b BIBEDU |c BIBEDU_PB |d 2019-11-19 |i 1571907 |o 294.3 SUZ 1968 |p 1571907 |r 2024-01-25 |w 2019-11-19 |y BK |k FIL | ||
| 952 | |0 0 |1 0 |4 0 |6 294_300000000000000_SUZ_1968 |7 0 |8 A |9 254070 |a BIBART |b BIBART |d 2019-11-19 |i 1204963 |o 294.3 SUZ 1968 |p 1204963 |r 2025-03-13 |w 2019-11-19 |y BK |k ART | ||